00195nam a2200085Ia 4500008004100000041000800041082001000049245002900059650002100088220805s9999 xx 000 0 und d amar a155.4 aबालविकास aChild Pshchology